Mencahayakan hati dengan zikrullah

Bibliographic Details
Main Author: Abdul Khari Al-Latifi
Format: Book
Published: Kuala Lumpur : Al-Hidayah Publishers , 2001
Subjects:

MARC

LEADER 00000cam a2200000 7i4500
001 0000012741
005 20080414.0
008 080101
020 |a 9830993426 
090 0 0 |a 297.382   |b ABD 
100 0 |a Abdul Khari Al-Latifi 
245 1 0 |a Mencahayakan hati dengan zikrullah   |c Abdul Khari Al-Latifi 
260 |a Kuala Lumpur :   |b Al-Hidayah Publishers ,   |c 2001 
650 0 |a Islam   |x Prayers and devotions 
650 0 |a Sufi chants 
999 |a 0000922024   |b Book   |c Adult Collection   |e Cawangan Bukit Gambir 
999 |a 0000922025   |b Book   |c Adult Collection   |e Cawangan Bukit Gambir 
999 |a 0000932751   |b Book   |c Adult Collection   |e Cawangan Tangkak 
999 |a 0000932752   |b Book   |c Adult Collection   |e Cawangan Tangkak 
999 |a 0001008543   |b Book   |c Adult Collection   |e Perbadanan Perpustakaan Awam Johor 
999 |a 0001008544   |b Book   |c Adult Collection   |e Perbadanan Perpustakaan Awam Johor